Vita di Gesú Cristo (Registro nro. 84824)

Detalles MARC
000 -ENCABEZADO
Número de control [NR] 01042nam a22003017a 4500
008 - DE LONGITUD FIJA DE DATOS DE ELEMENTOS - INFORMACIÓN GENERAL
Elementos de longitud fija [NR] 130821s1951 it gr dita
040 ## - FUENTE DE CATALOGACION [NR]
Agencia de catalogación original [NR] Co-BoUCM
Idioma de catalogación [NR] spa
041 00 - CODIGO DE IDIOMA [R]
Código de idioma para texto/pista de sonido o título separado [R] Italiano
092 ## - SIGNATURA TOPOGRAFICA LOCAL
Número de clasificación local FM 000898 14a. ed
100 ## - ASIENTO PRINCIPAL--NOMBRE PERSONAL [NR]
Nombre personal [NR] Ricciotti, Giuseppe
Fechas asociadas con el nombre [NR] 1890-1960?
ID Autoridad 148876
245 00 - MENCION DE TITULO [NR]
Título [NR] Vita di Gesú Cristo
Parte restante del título [NR] con introduzione critica e illustrazione
Mención de responsabilidad, etc. [NR] Giuseppe Ricciotti
250 ## - MENCION DE EDICION [NR]
Mención de edición [NR] 14a. ed
260 ## - PUBLICACION, DISTRIBUCION, ETC. (PIE DE IMPRENTA) [R]
Lugar de publicación, distribución, etc. [R] Roma (Italia)
Nombre del editor, distribuidor, etc. [R] Tipografia Poliglotta Vaticana
Fecha de publicación, distribución, etc. [R] 1951
300 ## - DESCRIPCION FISICA [R]
Extensión [R] 806 páginas
500 ## - NOTA GENERAL [R]
Nota general [NR] Incluye bibliografía e índice. -- Este libro se encuentra en el depósito de la biblioteca
600 ## - ASIENTO SECUNDARIO DE MATERIA - NOMBRE PERSONAL [R]
Nombre personal [NR] Jesucristo
9 (RLIN) 1986
600 ## - ASIENTO SECUNDARIO DE MATERIA - NOMBRE PERSONAL [R]
Nombre personal [NR] Jesucristo
Subdivisión de forma [R] Biografías
9 (RLIN) 1987
600 ## - ASIENTO SECUNDARIO DE MATERIA - NOMBRE PERSONAL [R]
Nombre personal [NR] Jesucristo
Subdivisión de forma [R] Biografías
-- Fuentes
9 (RLIN) 1986
600 ## - ASIENTO SECUNDARIO DE MATERIA - NOMBRE PERSONAL [R]
Nombre personal [NR] Jesucristo
Subdivisión general [R] Enseñanza
9 (RLIN) 1986
600 ## - ASIENTO SECUNDARIO DE MATERIA - NOMBRE PERSONAL [R]
Nombre personal [NR] Jesucristo
Subdivisión general [R] Historicidad
9 (RLIN) 1986
630 ## - ASIENTO SECUNDARIO DE MATERIA - TITULO UNIFORME [R]
Título uniforme [NR] Biblia
Nombre de la parte o sección de la obra [R] N.T.
9 (RLIN) 4837
650 04 - ASIENTO SECUNDARIO DE MATERIA - TERMINO TEMATICO [R]
Término temático o nombre geográfico como elemento de entrada [NR] Biografías
9 (RLIN) 7343
650 04 - ASIENTO SECUNDARIO DE MATERIA - TERMINO TEMATICO [R]
Término temático o nombre geográfico como elemento de entrada [NR] Enseñanza
9 (RLIN) 7573
650 04 - ASIENTO SECUNDARIO DE MATERIA - TERMINO TEMATICO [R]
Término temático o nombre geográfico como elemento de entrada [NR] Evangelistas
9 (RLIN) 15348
650 04 - ASIENTO SECUNDARIO DE MATERIA - TERMINO TEMATICO [R]
Término temático o nombre geográfico como elemento de entrada [NR] Fuentes
9 (RLIN) 16156
650 04 - ASIENTO SECUNDARIO DE MATERIA - TERMINO TEMATICO [R]
Término temático o nombre geográfico como elemento de entrada [NR] Historicidad
9 (RLIN) 7697
942 ## - ELEMENTOS DE ENTRADA AGREGADOS (KOHA)
Tipo de ítem principal el descrito en 300a Libro
Tema principal [No clasificado]
Edición 1
Título oculto en OPAC No
Existencias
Signatura topográfica Código de barras Última vez visto Volúmen / Fascículo Ejemplar Price effective from Tipo de ítem Perdido Sistema de clasificación Dañado No prestable Tipo de ítem específico Suprimido Ubicación habitual Ubicación actual Localización Fecha de creación Forma de adquisición Costo
~ 120057624 29/06/2012 FM 000898 14a. Ed. Ej.1 03/02/2013 Libro   LOCAL     Fondos especiales     Archivo Histórico Archivo histórico 28/02/2003 Donación 10000.00